| 000 | 00392nam a22001697a 4500 | ||
|---|---|---|---|
| 003 | OSt | ||
| 008 | 241022b |||||||| |||| 00| 0 eng d | ||
| 020 | _a9788189738372 | ||
| 082 | _a793.3 JAC | ||
| 100 | _aJAITLY, Jaya | ||
| 245 | _aCrafts Atlas Of India | ||
| 250 | _aReprint, | ||
| 260 |
_aNew Delhi, _bNiyogi Books, _c2021, |
||
| 300 | _a464 p. | ||
| 650 | _aB.FAD. | ||
| 942 |
_2ddc _cREF |
||
| 999 |
_c12927 _d12927 |
||